Statistics for Berlin by Picture 2

Click here to take the quiz!

General Stats

  • This quiz has been taken 19 times
  • The average score is 3 of 12

Answer Stats

Answer % Correct
Alexanderplatz
88%
East Side Gallery
63%
Volksbühne
38%
Mauerpark
25%
Insel der Jugend
19%
Friedrichstraße
19%
Viktoriapark
13%
KitKatClub
13%
Soviet War Memorial
6%
Berlin Ostkreuz
6%
Factory Berlin
0%
Technische Universität Berlin
0%

Score Distribution

Percentile by Number Answered

Percent of People with Each Score

Your Score History

You have not taken this quiz